Science Quiz

Random Science or Physics Quiz

Standard Model Particles Quiz Stats

 Plays Quiz Updated Nov 8, 2019

Score 0/17 Timer 03:00
1 Play Today
Particle % Correct
Quarksup
89.4%
Quarksdown
89.2%
Leptonselectron
79.9%
Quarksstrange
79.9%
Quarkscharm
76.4%
Quarksbottom
73.4%
Quarkstop
73.4%
Bosons/Force CarriersHiggs boson
69.5%
Leptonsmuon
54.4%
Particle % Correct
Bosons/Force Carriersphoton
54%
Bosons/Force Carriersgluon
47.9%
Leptonstau
47.3%
Bosons/Force CarriersW+/W- boson
46.9%
Bosons/Force CarriersZ0 boson
40.5%
Leptonselectron neutrino
38.1%
Leptonstau neutrino
36.9%
Leptonsmuon neutrino
36.1%

You're not logged in!

Compare scores with friends on all Sporcle quizzes.
OR
Log In

Sporcle TV

Today on Sporcle TV


Watch our educational content, quiz creation guides, and fun videos on Sporcle TV.

Show Comments

Extras

Top Quizzes Today


Score Distribution

Your Account Isn't Verified!

In order to create a playlist on Sporcle, you need to verify the email address you used during registration. Go to your Sporcle Settings to finish the process.

Report this User

Report this user for behavior that violates our Community Guidelines.

Details: